[Event "BL 2014 2015 Hamburger SK- SSC Rostock"]
[Site "?"]
[Date "2014.11.07"]
[Round "7.5"]
[White "Ftacnik, Lubomir"]
[Black "Rudolf, Henrik"]
[Result "1/2-1/2"]
[WhiteElo "2571"]
[BlackElo "2357"]
[PlyCount "71"]
[EventDate "2014.??.??"]

1. d4 Nf6 2. Nf3 g6 3. c4 Bg7 4. Nc3 O-O 5. e4 d6 6. Be2 e5 7. O-O Nc6 8. d5
Ne7 9. Nd2 a5 10. Rb1 Nd7 11. a3 f5 12. b4 Kh8 13. Qc2 c6 14. f3 Nf6 15. Kh1
Nh5 16. g3 axb4 17. axb4 fxe4 18. fxe4 Bh3 19. Rxf8+ Qxf8 20. Nf3 cxd5 21. cxd5
Rc8 22. Qd3 Bh6 23. Bd2 Ng8 24. Ng1 Bxd2 25. Qxd2 Bd7 26. Rf1 Qh6 27. Qxh6 Nxh6
28. Nb5 Bxb5 29. Bxb5 Kg7 30. Nf3 Nf7 31. Bd7 Rc4 32. Be6 Nf6 33. Nd2 Rd4 34.
Nf3 Rc4 35. Nd2 Rd4 36. Nf3 1/2-1/2

[Event "BL 2014 2015 Hamburger SK- SSC Rotock"]
[Site "?"]
[Date "2014.11.07"]
[Round "7.6"]
[White "Mueller, Karsten"]
[Black "Tomczak, Rafal"]
[Result "1/2-1/2"]
[WhiteElo "2534"]
[BlackElo "2374"]
[PlyCount "85"]
[EventDate "2014.??.??"]

1. d4 d5 2. Bf4 c6 3. e3 Nf6 4. Bd3 g6 5. Nf3 Bg7 6. h3 Nbd7 7. O-O O-O 8. c4
dxc4 9. Bxc4 Nb6 10. Bb3 Nbd5 11. Be5 a5 12. Nbd2 Qb6 13. e4 Nb4 14. a3 Na6 15.
Qc2 Bd7 16. Rfe1 Rac8 17. Rad1 Qa7 18. Qc3 b6 19. Bf4 Nc7 20. Ne5 c5 21. dxc5
bxc5 22. Nxd7 Nxd7 23. e5 a4 24. Ba2 Nb5 25. Qe3 e6 26. Nf3 Nb6 27. Qe2 Nc7 28.
Nd2 Ncd5 29. Bg3 Ne7 30. Nf3 Nf5 31. Bf4 Rfd8 32. Bg5 Nd4 33. Nxd4 Rxd4 34. Qe3
Qd7 35. Rxd4 cxd4 36. Qd3 h6 37. Bd2 Rc5 38. f4 Rb5 39. Bc1 Bf8 40. Kh1 Rc5 41.
Bd2 Rb5 42. Bc1 Rc5 43. Bd2 1/2-1/2

[Event "BL 2014 2015 Hamburger SK- SSC Roctock"]
[Site "?"]
[Date "2014.11.07"]
[Round "7.7"]
[White "Becker, Michael"]
[Black "Heinemann, Thies"]
[Result "0-1"]
[WhiteElo "2321"]
[BlackElo "2473"]
[PlyCount "132"]
[EventDate "2014.??.??"]

1. e4 c5 2. Nf3 d6 3. c3 Nf6 4. Qc2 Qc7 5. Bb5+ Nbd7 6. O-O a6 7. Be2 b6 8. d3
g6 9. Bf4 Bg7 10. Nbd2 O-O 11. Rfe1 Bb7 12. h3 e5 13. Bh2 d5 14. Bf1 Rfe8 15.
a4 Re7 16. Rac1 Rae8 17. b4 Qc8 18. bxc5 dxe4 19. Nxe4 Nxe4 20. dxe4 Nxc5 21.
Rb1 Bc6 22. a5 bxa5 23. Nd2 Rb7 24. Qa2 Rxb1 25. Qxb1 Qc7 26. Qa2 Bb5 27. Nc4
Na4 28. Qb3 Rc8 29. Rd1 Bxc4 30. Qxa4 Bxf1 31. Rxf1 Qxc3 32. Bg3 Qb4 33. Qd7
Rb8 34. Qd5 Qb5 35. Qa2 a4 36. Ra1 a5 37. Qxa4 Qxa4 38. Rxa4 Ra8 39. f3 Bf6 40.
Kf1 Kf8 41. Ke2 Ke8 42. Be1 Bd8 43. Kd3 Kd7 44. Kc4 Ke6 45. Bc3 h5 46. g3 Bc7
47. Bd2 Rd8 48. Be3 Rd1 49. Ra2 Rf1 50. Bf2 Bd6 51. Kb5 Rb1+ 52. Kc4 Rb4+ 53.
Kc3 a4 54. Rb2 Rxb2 55. Kxb2 Bb4 56. Kc2 Kd6 57. Kd3 Kc6 58. Kc4 a3 59. Kb3 Kb5
60. f4 a2 61. Kxa2 Kc4 62. fxe5 Bc3 63. Kb1 Kd3 64. g4 hxg4 65. hxg4 Bxe5 66.
Kc1 Kxe4 0-1

[Event "BL 2014 2015 Hamburger SK- SSC Rostock"]
[Site "?"]
[Date "2014.11.07"]
[Round "7.8"]
[White "Carlstedt, Jonathan"]
[Black "Skibbe, Willi"]
[Result "1-0"]
[WhiteElo "2437"]
[BlackElo "2272"]
[PlyCount "69"]
[EventDate "2014.??.??"]

1. d4 d5 2. Nc3 Bf5 3. Bf4 e6 4. e3 Nf6 5. f3 Bg6 6. g4 Bd6 7. Nge2 Nc6 8. h4
h6 9. Qd2 e5 10. dxe5 Nxe5 11. Bxe5 Bxe5 12. O-O-O c6 13. Bh3 Qe7 14. Nd4 O-O-O
15. g5+ Nd7 16. f4 Bc7 17. h5 Be4 18. Nxe4 Qxe4 19. Bg2 Qe8 20. Nf5 hxg5 21.
Nxg7 Qf8 22. Nf5 gxf4 23. exf4 Kb8 24. h6 Nb6 25. Bf1 Qc5 26. h7 Nc4 27. Bxc4
dxc4 28. Nd4 Bb6 29. c3 Qa5 30. Qe2 Bxd4 31. Rxd4 Qxa2 32. Rxd8+ Rxd8 33. h8=Q
Qa1+ 34. Kc2 Qa4+ 35. Kb1 1-0

[Event "BL 1415 USV TU Dresden - Schachfr. Berl"]
[Site "?"]
[Date "2014.12.06"]
[Round "7.2"]
[White "Gajewski, Grzegorz"]
[Black "Kraemer, Martin"]
[Result "1/2-1/2"]
[WhiteElo "2643"]
[BlackElo "2569"]
[PlyCount "119"]
[EventDate "2014.??.??"]

1. c4 e6 2. Nc3 d5 3. d4 Nf6 4. Nf3 dxc4 5. e4 Bb4 6. Bxc4 Nxe4 7. O-O Nxc3 8.
bxc3 Be7 9. Ne5 O-O 10. Re1 Nc6 11. Qg4 f5 12. Qf3 Nxe5 13. Rxe5 Kh8 14. Bf4 g5
15. Bd2 Bd6 16. Ree1 g4 17. Qd3 Qh4 18. g3 Qf6 19. Bb3 f4 20. c4 b5 21. c5 fxg3
22. fxg3 Qf2+ 23. Kh1 Bb7+ 24. d5 exd5 25. Bxd5 Bxd5+ 26. Qxd5 Qxc5 27. Qxc5
Bxc5 28. Bc3+ Kg8 29. Re5 b4 30. Rg5+ Kf7 31. Bb2 Be7 32. Rg7+ Ke8 33. Re1 Rf7
34. Rg8+ Rf8 35. Rg7 Rf7 36. Rg8+ Rf8 37. Rxg4 Kd8 38. Rg7 Bd6 39. Be5 Bxe5 40.
Rxe5 a5 41. Rxh7 a4 42. Rc5 b3 43. axb3 axb3 44. Rb5 Kc8 45. Rxb3 Ra2 46. Rb1
c5 47. Rc1 Kd8 48. g4 c4 49. g5 c3 50. g6 Rg8 51. Rb1 Kc8 52. Rf1 c2 53. Re7
Rb2 54. g7 Rb1 55. Ree1 Rxe1 56. Rxe1 Rxg7 57. Rc1 Rc7 58. Kg2 Kd7 59. Kf3 Ke6
60. Ke4 {Ke5+} 1/2-1/2

[Event "BL 1415 USV TU Dresden - Schachfr. Berl"]
[Site "?"]
[Date "2014.12.06"]
[Round "7.3"]
[White "Piorun, Kacper"]
[Black "Bartel, Mateusz"]
[Result "1-0"]
[WhiteElo "2523"]
[BlackElo "2662"]
[PlyCount "65"]
[EventDate "2014.??.??"]

1. c4 e6 2. Nf3 b6 3. d4 Bb7 4. a3 Nf6 5. Nc3 d5 6. cxd5 Nxd5 7. Qc2 Be7 8. e4
Nxc3 9. bxc3 c5 10. Bd3 Nc6 11. O-O cxd4 12. cxd4 Rc8 13. Qe2 O-O 14. Bb2 Na5
15. Rad1 Qd6 16. Ne5 f6 17. Ng4 f5 18. exf5 exf5 19. Ne3 g6 20. d5 Bf6 21. Rc1
Rxc1 22. Rxc1 Bxb2 23. Qxb2 f4 24. Ng4 h5 25. Ne5 Qxd5 26. f3 Rd8 27. Bxg6 Qd4+
28. Qxd4 Rxd4 29. Bxh5 Kg7 30. h4 Rd5 31. Rc7+ Kh6 32. Bg6 Rxe5 33. Bd3 1-0

[Event "BL 1415 USV TU Dresden - Schachfr. Berl"]
[Site "?"]
[Date "2014.12.06"]
[Round "7.4"]
[White "Socko, Bartosz"]
[Black "Michalik, Peter"]
[Result "1/2-1/2"]
[WhiteElo "2614"]
[BlackElo "2571"]
[PlyCount "92"]
[EventDate "2014.??.??"]

1. d4 d5 2. c4 c6 3. Nf3 Nf6 4. e3 Bg4 5. Nc3 e6 6. Qb3 Qb6 7. Nh4 Bh5 8. h3
Be7 9. g4 Bg6 10. Nxg6 hxg6 11. Bg2 g5 12. Qxb6 axb6 13. e4 Nxe4 14. Nxe4 dxe4
15. Bxe4 Na6 16. Be3 Nc7 17. Ke2 b5 18. b3 g6 19. a4 f5 20. Bc2 bxc4 21. bxc4
O-O-O 22. f3 Bf6 23. Rad1 Rd7 24. Rd2 Rdh7 25. Rg1 Rxh3 26. gxf5 exf5 27. Bxg5
Re8+ 28. Kf2 Bxd4+ 29. Rxd4 Rh2+ 30. Kg3 Rxc2 31. Re1 f4+ 32. Kxf4 Ne6+ 33. Kg3
Nxd4 34. Rxe8+ Kc7 35. a5 Rxc4 36. Rg8 Rc3 37. Kg4 Nxf3 38. Bf4+ Kd7 39. Rxg6
Rb3 40. Rd6+ Kc8 41. a6 bxa6 42. Rxc6+ Kb7 43. Rc7+ Kb6 44. Rc8 Rd3 45. Rb8+
Kc6 46. Rc8+ Kb7 1/2-1/2

[Event "BL 1415 USV TU Dresden - Schachfr. Berl"]
[Site "?"]
[Date "2014.12.06"]
[Round "7.5"]
[White "Schneider, Ilja"]
[Black "Maiwald, Jens-Uwe"]
[Result "0-1"]
[WhiteElo "2487"]
[BlackElo "2473"]
[PlyCount "80"]
[EventDate "2014.??.??"]

1. d4 d6 2. e4 Nf6 3. Nc3 g6 4. Bg5 Bg7 5. e5 dxe5 6. dxe5 Ng4 7. Qxd8+ Kxd8 8.
Nd5 Nc6 9. Rd1 Bd7 10. Be2 Ngxe5 11. f4 h6 12. Bh4 g5 13. fxg5 hxg5 14. Bxg5
Bh6 15. Bxh6 Rxh6 16. Nf3 e6 17. Ne3 Ke7 18. O-O Rg8 19. a3 Nxf3+ 20. Bxf3 Ne5
21. Bxb7 Rb8 22. Ba6 Rxb2 23. Rf4 Bc6 24. Rb4 Rxb4 25. axb4 Rh4 26. c3 f5 27.
Bf1 Re4 28. Nc2 Ba4 29. Rd2 Nc4 30. Rf2 Bxc2 31. Rxc2 Re1 32. Ra2 Rc1 33. Kf2
Nd6 34. c4 Ne4+ 35. Kg1 f4 36. Rxa7 Nd2 37. Kf2 Nxf1 38. Rxc7+ Kd6 39. Rf7 Nd2
40. Rxf4 Ke5 0-1

[Event "BL 1415 USV TU Dresden - Schachfr. Berl"]
[Site "?"]
[Date "2014.12.06"]
[Round "7.6"]
[White "Boensch, Uwe"]
[Black "Lauber, Arnd"]
[Result "0-1"]
[WhiteElo "2543"]
[BlackElo "2445"]
[PlyCount "100"]
[EventDate "2014.??.??"]

1. d4 Nf6 2. c4 c5 3. d5 b5 4. cxb5 a6 5. b6 Qxb6 6. Nc3 d6 7. Nf3 g6 8. e4 Bg7
9. Nd2 O-O 10. Nc4 Qb7 11. Be2 Nfd7 12. O-O Nb6 13. Na5 Qc7 14. Bd2 e6 15. Rc1
Nxd5 16. Na4 Nb6 17. b4 Nxa4 18. Qxa4 Bd7 19. Qa3 Rc8 20. Nb3 Bf8 21. Qb2 Bb5
22. Rfe1 Bxe2 23. Rxe2 Bg7 24. Bc3 Bxc3 25. Qxc3 c4 26. Na5 Nd7 27. Rd2 Nb6 28.
h4 h5 29. Qd4 d5 30. exd5 exd5 31. Re2 Re8 32. Rce1 Rxe2 33. Rxe2 Rc8 34. g3
Rd8 35. a3 Nc8 36. Qf6 Qd6 37. Qxd6 Nxd6 38. Nc6 Rd7 39. Ne7+ Rxe7 40. Rxe7 c3
41. Kf1 Nc4 42. a4 Kf8 43. Re2 d4 44. Rc2 Nb2 45. Ke1 Nd3+ 46. Kd1 Nxb4 47. Re2
d3 48. Re4 Na2 49. Rc4 Ke7 50. a5 Ke6 0-1

[Event "BL 1415 USV TU Dresden - Schachfr. Berl"]
[Site "?"]
[Date "2014.12.06"]
[Round "7.7"]
[White "Moreno Tejera, Emilio"]
[Black "Tischbierek, Raj"]
[Result "1/2-1/2"]
[WhiteElo "2444"]
[BlackElo "2414"]
[PlyCount "44"]
[EventDate "2014.??.??"]

1. e4 c5 2. Nf3 Nf6 3. e5 Nd5 4. d4 cxd4 5. Qxd4 e6 6. Bc4 Nc6 7. Qe4 d6 8.
exd6 Qxd6 9. O-O Be7 10. Rd1 Nf6 11. Qe2 Qc7 12. Nc3 a6 13. a4 O-O 14. Bg5 Bd7
15. Ne4 Rfd8 16. Nxf6+ Bxf6 17. Bxf6 gxf6 18. Qe4 Ne7 19. Bd3 Ng6 20. Qb4 a5
21. Qd4 Kg7 22. Qe3 Be8 1/2-1/2

[Event "BL 1415 USV TU Dresden - Schachfr. Berl"]
[Site "?"]
[Date "2014.12.06"]
[Round "7.8"]
[White "Uhlmann, Wolfgang"]
[Black "Abel, Dennes"]
[Result "1-0"]
[WhiteElo "2322"]
[BlackElo "2441"]
[PlyCount "231"]
[EventDate "2014.??.??"]

1. c4 c6 2. d4 d5 3. Nf3 Nf6 4. Nc3 e6 5. e3 Nbd7 6. Qc2 b6 7. Bd2 Bb7 8. Be2
Be7 9. O-O O-O 10. Rfd1 Rc8 11. Be1 dxc4 12. Bxc4 Qc7 13. Rac1 a6 14. Qe2 b5
15. Bd3 c5 16. dxc5 Qxc5 17. e4 Qh5 18. a3 Rfd8 19. Bb1 Nb6 20. Rxd8+ Rxd8 21.
Rd1 Rxd1 22. Qxd1 Nc4 23. Qc2 h6 24. h3 Qc5 25. Nd2 Ne5 26. Nb3 Qb6 27. Qe2
Nfd7 28. Nd2 Bc6 29. Kh1 Ng6 30. g3 Bf6 31. Nf1 Bd4 32. Kg2 Nge5 33. b3 Qc5 34.
Qd2 Ng6 35. Ne2 Bf6 36. Qb4 Qb6 37. Bd2 Qb7 38. f3 Be7 39. Qc3 e5 40. Ne3 Nf6
41. Kh2 Bd7 42. b4 Be6 43. Nf5 Bf8 44. Nc1 Nd7 45. Nb3 Nb6 46. Na5 Qd7 47. Bd3
Ne7 48. Be3 Na4 49. Qc2 h5 50. g4 hxg4 51. hxg4 Ng6 52. Be2 Nf4 53. Bf1 g6 54.
Nh4 Qe7 55. Ng2 Qf6 56. Qd2 Bh6 57. Nxf4 exf4 58. Bf2 Bg7 59. Kg2 Kh7 60. Nb7
Nb2 61. Nc5 Bc4 62. Nd7 Qe6 63. e5 Bxf1+ 64. Kxf1 Nc4 65. Qd4 Bxe5 66. Nf8+ Kg8
67. Nxe6 Bxd4 68. Nxd4 Nxa3 69. Be1 f6 70. Nc6 Kf7 71. Nb8 g5 72. Nxa6 f5 73.
Nc5 Nc2 74. gxf5 Kf6 75. Ne4+ Kxf5 76. Nd6+ Ke6 77. Nxb5 g4 78. fxg4 Ne3+ 79.
Ke2 Nxg4 80. Kf3 Ne5+ 81. Ke4 Nc4 82. Bf2 f3 83. Nd4+ Kd7 84. Kxf3 Kc7 85. Ke4
Kb7 86. Kd5 Nb6+ 87. Kd6 Nc4+ 88. Kd5 Nb6+ 89. Ke6 Nc4 90. Nc2 Nd2 91. Kd5 Nf3
92. Be3 Nh4 93. Nd4 Ng6 94. Kc5 Ne5 95. b5 Nd7+ 96. Kd6 Nb6 97. Nc2 Nc4+ 98.
Kc5 Ne5 99. Nb4 Nd7+ 100. Kd6 Nf6 101. Bd4 Ne8+ 102. Kc5 Nc7 103. Be5 Ne6+ 104.
Kc4 Nf8 105. Nd3 Kb6 106. Bd4+ Kc7 107. Nc5 Ng6 108. Na4 Nf8 109. Kd5 Nd7 110.
Be5+ Kc8 111. Kd6 Nb8 112. Nc5 Kd8 113. Bf6+ Kc8 114. b6 Na6 115. Nxa6 Kb7 116.
Kc5 1-0

[Event "BL 1415 SV Hockenheim - SG Turm Trier"]
[Site "?"]
[Date "2014.12.05"]
[Round "7.1"]
[White "Erdos, Viktor"]
[Black "Saric, Ivan"]
[Result "1/2-1/2"]
[WhiteElo "2618"]
[BlackElo "2680"]
[PlyCount "49"]
[EventDate "2014.??.??"]

1. d4 Nf6 2. c4 g6 3. g3 Bg7 4. Bg2 d5 5. Nf3 c6 6. b3 a5 7. O-O O-O 8. Bb2 a4
9. cxd5 Nxd5 10. e4 Nb6 11. Qc2 Bg4 12. Nbd2 N8d7 13. h3 Bxf3 14. Nxf3 Qb8 15.
e5 e6 16. Ba3 Rc8 17. Bd6 Qa7 18. b4 Re8 19. Bc5 a3 20. Rab1 Qa4 21. Rb3 Nc8
22. Rfb1 Na7 23. Bxa7 Qxa7 24. Nd2 Nb6 25. b5 1/2-1/2

[Event "BL 1415 SV Hockenheim - SG Turm Trier"]
[Site "?"]
[Date "2014.12.05"]
[Round "7.2"]
[White "Lenic, Luka"]
[Black "Lupulescu, Constantin"]
[Result "1/2-1/2"]
[WhiteElo "2646"]
[BlackElo "2643"]
[PlyCount "40"]
[EventDate "2014.??.??"]

1. d4 Nf6 2. c4 e6 3. Nc3 Bb4 4. e3 O-O 5. Bd3 d5 6. Nf3 c5 7. O-O cxd4 8. exd4
dxc4 9. Bxc4 b6 10. Bg5 Bb7 11. Re1 Nbd7 12. Rc1 Rc8 13. Bd3 Be7 14. Bb1 Re8
15. Qd3 g6 16. h4 a6 17. a3 b5 18. Ba2 Nb6 19. Ne5 Nfd5 20. Nxd5 Bxd5 1/2-1/2

[Event "BL 1415 SV Hockenheim - SG Turm Trier"]
[Site "?"]
[Date "2014.12.05"]
[Round "7.3"]
[White "Graf, Felix"]
[Black "Baramidze, David"]
[Result "1-0"]
[WhiteElo "2476"]
[BlackElo "2601"]
[PlyCount "89"]
[EventDate "2014.??.??"]

1. d4 d5 2. c4 c6 3. Nc3 Nf6 4. e3 a6 5. Nf3 Bf5 6. Bd2 e6 7. Nh4 Bg4 8. Qb3 b5
9. cxb5 cxb5 10. h3 Bh5 11. g4 Nfd7 12. gxh5 Qxh4 13. Rc1 Be7 14. Nxb5 O-O 15.
Nc3 Nf6 16. Qd1 Nbd7 17. Qf3 Nxh5 18. Qg4 f5 19. Qxh4 Bxh4 20. Be2 Nhf6 21. O-O
e5 22. f3 Rab8 23. Na4 exd4 24. exd4 Nb6 25. Nc5 Nc4 26. Bc3 Ne3 27. Bxa6 Rb6
28. Rfe1 Bxe1 29. Rxe1 f4 30. a4 Nh5 31. Bd3 Rh6 32. Bd2 Nc4 33. Bc1 Rb8 34. b3
Na5 35. Bd2 Nc6 36. Bc3 Nb4 37. Bf5 g5 38. a5 Ng7 39. Bd7 Rd6 40. Bxb4 Rxb4 41.
a6 Rb8 42. b4 Kf7 43. b5 Rh8 44. Rb1 Ke7 45. b6 1-0

[Event "BL 1415 SV Hockenheim - SG Turm Trier"]
[Site "?"]
[Date "2014.12.05"]
[Round "7.4"]
[White "Buhmann, Rainer"]
[Black "Parligras, Mircea-Emilian"]
[Result "1-0"]
[WhiteElo "2601"]
[BlackElo "2594"]
[PlyCount "67"]
[EventDate "2014.??.??"]

1. Nf3 Nf6 2. c4 e6 3. Nc3 d5 4. d4 Bb4 5. g3 dxc4 6. Bg2 Nc6 7. O-O O-O 8. a3
Be7 9. e4 a6 10. Bf4 b5 11. Qc2 Bb7 12. Rad1 Na5 13. Rfe1 Nb3 14. h4 Re8 15.
Ng5 g6 16. d5 exd5 17. e5 c6 18. exf6 Bxf6 19. Nce4 Be5 20. Nxf7 Kxf7 21. Ng5+
Kg8 22. Bxe5 Bc8 23. f4 Bg4 24. Bf3 Qd7 25. Qf2 Bxf3 26. Nxf3 c5 27. Ng5 Qc6
28. f5 h6 29. f6 Rxe5 30. Rxe5 hxg5 31. hxg5 Nd4 32. Rxd4 cxd4 33. Re7 Rf8 34.
Rg7+ 1-0

[Event "BL 1415 SV Hockenheim - SG Turm Trier"]
[Site "?"]
[Date "2014.12.05"]
[Round "7.5"]
[White "Gonda, Laszlo"]
[Black "Wagner, Dennis"]
[Result "1/2-1/2"]
[WhiteElo "2542"]
[BlackElo "2484"]
[PlyCount "57"]
[EventDate "2014.??.??"]

1. Nf3 Nf6 2. c4 c5 3. g3 d5 4. cxd5 Nxd5 5. Bg2 Nc6 6. d4 cxd4 7. Nxd4 Ndb4 8.
Nxc6 Qxd1+ 9. Kxd1 Nxc6 10. Bxc6+ bxc6 11. Be3 e5 12. f3 Bb4 13. a3 Ba5 14. Nd2
Be6 15. Rc1 O-O-O 16. b4 Bb6 17. Bxb6 axb6 18. Rxc6+ Kb7 19. Rc3 Rd7 20. Kc1
Rhd8 21. Nb1 f6 22. Kb2 Rd4 23. Rhc1 R8d7 24. e3 R4d6 25. a4 Bf5 26. b5 Bg6 27.
Rc6 Bxb1 28. Kxb1 Rd3 29. R6c3 1/2-1/2

[Event "BL 1415 SV Hockenheim - SG Turm Trier"]
[Site "?"]
[Date "2014.12.05"]
[Round "7.6"]
[White "Banusz, Tamas"]
[Black "Seger, Ruediger"]
[Result "1/2-1/2"]
[WhiteElo "2596"]
[BlackElo "2372"]
[PlyCount "132"]
[EventDate "2014.??.??"]

1. Nf3 Nf6 2. c4 g6 3. g3 Bg7 4. Bg2 c6 5. O-O O-O 6. d4 d5 7. b3 Ne4 8. Bb2
dxc4 9. bxc4 c5 10. e3 Qb6 11. Qb3 Nc6 12. Rd1 Rd8 13. Nbd2 Bf5 14. h3 Nxd2 15.
Rxd2 Be4 16. d5 Qxb3 17. axb3 Bxb2 18. Rxb2 Nb4 19. Ne1 Bxg2 20. Kxg2 a5 21. e4
b5 22. cxb5 Rdb8 23. Nf3 Rxb5 24. Ne5 f6 25. Nc4 Nd3 26. Rbb1 a4 27. Ra3 Rab8
28. Rd1 axb3 29. Rxd3 b2 30. Nd2 b1=Q 31. Nxb1 Rxb1 32. Ra7 R8b7 33. Ra8+ Rb8
34. Ra5 Re1 35. Kf3 Rb4 36. Re3 Rxe3+ 37. Kxe3 Rc4 38. Ra7 Kf8 39. d6 exd6 40.
Rxh7 d5 41. exd5 Rd4 42. Rd7 Ke8 43. Rg7 g5 44. Kf3 Rxd5 45. Kg4 Rd2 46. f3 Rg2
47. h4 gxh4 48. Kxh4 Re2 49. f4 Re7 50. Rg8+ Kf7 51. Rc8 Kg6 52. g4 Rh7+ 53.
Kg3 Ra7 54. f5+ Kg7 55. Kh4 Rb7 56. Rc6 Ra7 57. g5 fxg5+ 58. Kxg5 c4 59. Rg6+
Kf7 60. Rh6 Ra1 61. Rh7+ Kg8 62. Rc7 Ra6 63. Rxc4 Kf7 64. Rc5 Rb6 65. f6 Rb1
66. Rc7+ Kf8 1/2-1/2

[Event "BL 1415 SV Hockenheim - SG Turm Trier"]
[Site "?"]
[Date "2014.12.05"]
[Round "7.7"]
[White "Kolbus, Dietmar"]
[Black "Rau, Hannes"]
[Result "1/2-1/2"]
[WhiteElo "2316"]
[BlackElo "2456"]
[PlyCount "68"]
[EventDate "2014.??.??"]

1. Nf3 c5 2. c4 Nc6 3. d4 cxd4 4. Nxd4 Nf6 5. g3 e6 6. Bg2 Qb6 7. Nxc6 bxc6 8.
O-O d5 9. Nc3 Be7 10. cxd5 exd5 11. b3 O-O 12. Bb2 Bf5 13. Rc1 Rac8 14. Na4 Qa5
15. Qe1 Qa6 16. Qc3 Rfe8 17. e3 Bf8 18. Nc5 Bxc5 19. Qxc5 Qxa2 20. Bxf6 gxf6
21. b4 Qb2 22. Qc3 Qxc3 23. Rxc3 Kg7 24. h4 Be4 25. Rfc1 Rb8 26. Rxc6 Rxb4 27.
Bxe4 Rbxe4 28. Ra6 R4e7 29. Rca1 Ra8 30. R1a5 Rd7 31. Kg2 h5 32. Kf3 Kg6 33.
Ra4 Re7 34. R4a5 Rd7 1/2-1/2

[Event "BL 1415 SV Hockenheim - SG Turm Trier"]
[Site "?"]
[Date "2014.12.05"]
[Round "7.8"]
[White "Paehtz, Elisabeth"]
[Black "Yankelevich, Lev"]
[Result "1/2-1/2"]
[WhiteElo "2480"]
[BlackElo "2333"]
[PlyCount "75"]
[EventDate "2014.??.??"]

1. d4 Nf6 2. g3 g6 3. Bg2 Bg7 4. e4 d6 5. Ne2 O-O 6. O-O c5 7. dxc5 dxc5 8. e5
Ng4 9. f4 Nc6 10. h3 Nh6 11. Be3 Bf5 12. Nbc3 Qc8 13. g4 Rd8 14. Qc1 Be6 15.
Ng3 Nd4 16. f5 Nhxf5 17. gxf5 Nxf5 18. Nxf5 Bxf5 19. Nd5 Re8 20. Bf4 Bxh3 21.
Bxh3 Qxh3 22. Qe3 Qxe3+ 23. Nxe3 f5 24. Rad1 h6 25. Rd7 Rad8 26. Rfd1 Rxd7 27.
Rxd7 g5 28. Bh2 f4 29. Nf5 Bxe5 30. Rxb7 Kf7 31. Nxh6+ Kg6 32. Ng4 Bb8 33. Kg2
e5 34. Bg1 Kf5 35. Nh6+ Kg6 36. Ng4 Kf5 37. Nh6+ Kg6 38. Ng4 1/2-1/2

[Event "BL 1415 SF Katernberg - Hansa Dortmund"]
[Site "?"]
[Date "2014.12.05"]
[Round "7.1"]
[White "Anton Guijarro, David"]
[Black "Romanov, Evgeny"]
[Result "1-0"]
[WhiteElo "2607"]
[BlackElo "2636"]
[PlyCount "89"]
[EventDate "2014.??.??"]

1. d4 Nf6 2. Nf3 e6 3. e3 b6 4. Bd3 Bb7 5. O-O d5 6. b3 Be7 7. Bb2 c5 8. dxc5
Bxc5 9. Nbd2 O-O 10. Qe2 Nc6 11. a3 Re8 12. b4 Bf8 13. c4 dxc4 14. Bxc4 a5 15.
b5 Nb8 16. Ne5 Nfd7 17. Ndf3 Nxe5 18. Nxe5 f6 19. Rfd1 Qe7 20. Nd3 Nd7 21. Nf4
Nc5 22. Bd4 Bc8 23. a4 Ra7 24. Nd3 Nd7 25. Rac1 Kh8 26. Nf4 Nc5 27. Bxc5 bxc5
28. Qh5 Kg8 29. Qf3 Qc7 30. Rd2 Qb6 31. Rcd1 Rf7 32. h4 f5 33. Nh3 Rf6 34. Qg3
Rh6 35. Ng5 Be7 36. Qf4 Rf8 37. Qe5 Rg6 38. f4 h6 39. h5 Rgf6 40. Nf3 g6 41.
Qc3 gxh5 42. Ne5 R6f7 43. Nxf7 Rxf7 44. Qe5 Kh7 45. Rd7 1-0

[Event "BL 1415 SF Katernberg - Hansa Dortmund"]
[Site "?"]
[Date "2014.12.05"]
[Round "7.2"]
[White "Fier, Alexandr"]
[Black "Henrichs, Thomas"]
[Result "1-0"]
[WhiteElo "2590"]
[BlackElo "2476"]
[PlyCount "43"]
[EventDate "2014.??.??"]

1. d4 Nf6 2. c4 e6 3. Nc3 Bb4 4. e3 O-O 5. Nge2 c6 6. a3 Ba5 7. Qc2 d5 8. Ng3
Nbd7 9. Be2 Bc7 10. O-O a6 11. Rd1 Qe7 12. Bd2 Rd8 13. Rac1 dxc4 14. Bxc4 Nb6
15. Ba2 e5 16. Nce2 Bg4 17. h3 Bxe2 18. Nxe2 e4 19. Bb4 Qd7 20. Ba5 Re8 21. d5
Qd6 22. Ng3 1-0

[Event "BL 1415 SF Katernberg - Hansa Dortmund"]
[Site "?"]
[Date "2014.12.05"]
[Round "7.3"]
[White "Markus, Robert"]
[Black "Firman, Nazar"]
[Result "1-0"]
[WhiteElo "2602"]
[BlackElo "2464"]
[PlyCount "39"]
[EventDate "2014.??.??"]

1. d4 g6 2. Nf3 Bg7 3. c4 Nf6 4. g3 O-O 5. Bg2 d6 6. O-O Nbd7 7. Nc3 e5 8. e4
a6 9. h3 Rb8 10. dxe5 dxe5 11. Be3 b5 12. Qc2 bxc4 13. Na4 Bb7 14. Nd2 Bc6 15.
Nxc4 Rb4 16. Nc5 Bb5 17. b3 Bxc4 18. bxc4 Qa8 19. Nxd7 Nxd7 20. Qd2 1-0

[Event "BL 1415 SF Katernberg - Hansa Dortmund"]
[Site "?"]
[Date "2014.12.05"]
[Round "7.4"]
[White "Zaragatski, Ilja"]
[Black "Heberla, Bartlomiej"]
[Result "1/2-1/2"]
[WhiteElo "2474"]
[BlackElo "2565"]
[PlyCount "94"]
[EventDate "2014.??.??"]

1. Nf3 c5 2. g3 g6 3. Bg2 Bg7 4. c4 Nc6 5. Nc3 d6 6. O-O Bf5 7. h3 Qc8 8. Kh2
Rb8 9. d3 a6 10. a4 Nf6 11. e4 Bd7 12. Be3 O-O 13. Rc1 e5 14. Nd2 Nb4 15. Qe2
Nh5 16. a5 Qd8 17. Nd5 Qxa5 18. Ra1 Qd8 19. Nxb4 cxb4 20. c5 Qe7 21. cxd6 Qxd6
22. Nc4 Qe7 23. Nb6 Bc6 24. Rfc1 Rfd8 25. Bc5 Qe6 26. Nd5 Bf8 27. Bxf8 Kxf8 28.
Qd2 Nf6 29. Nxb4 Rbc8 30. Nxc6 Rxc6 31. Qb4+ Kg7 32. Qxb7 Rb6 33. Qa7 Rd7 34.
Rc7 Rxc7 35. Qxc7 Rxb2 36. Qa7 Rb6 37. Ra5 Rd6 38. f4 Rxd3 39. fxe5 Nh5 40.
Qxa6 Qb3 41. e6 Rd2 42. Rxh5 gxh5 43. e7 Qc2 44. Qa1+ Kg6 45. Qa6+ Kg7 46. Qa1+
Kg6 47. Qa6+ Kg7 1/2-1/2

[Event "BL 1415 SF Katernberg - Hansa Dortmund"]
[Site "?"]
[Date "2014.12.05"]
[Round "7.5"]
[White "Hera, Imre Jr"]
[Black "Siebrecht, Sebastian"]
[Result "1/2-1/2"]
[WhiteElo "2581"]
[BlackElo "2464"]
[PlyCount "49"]
[EventDate "2014.??.??"]

1. Nf3 d5 2. d4 Nf6 3. c4 c6 4. cxd5 cxd5 5. Nc3 Nc6 6. Bf4 a6 7. Rc1 Bf5 8. e3
e6 9. Qb3 Bd6 10. Qxb7 Na5 11. Qxa8 Qxa8 12. Bxd6 Kd7 13. Ba3 Rc8 14. Ne5+ Ke8
15. f3 Nd7 16. Nxd7 Kxd7 17. Kf2 Qb7 18. b3 Nxb3 19. axb3 Qxb3 20. Bc5 Qb2+ 21.
Be2 Bc2 22. Nb1 Bd3 23. Nc3 Bc2 24. Nb1 Bd3 25. Nc3 1/2-1/2

[Event "BL 1415 SF Katernberg - Hansa Dortmund"]
[Site "?"]
[Date "2014.12.05"]
[Round "7.6"]
[White "Ris, Robert"]
[Black "Berg, Emanuel"]
[Result "0-1"]
[WhiteElo "2425"]
[BlackElo "2545"]
[PlyCount "74"]
[EventDate "2014.??.??"]

1. d4 Nf6 2. c4 g6 3. g3 Bg7 4. Bg2 O-O 5. Nc3 d6 6. Nf3 Nbd7 7. O-O e5 8. e4
a6 9. Qc2 exd4 10. Nxd4 Rb8 11. Rd1 Re8 12. h3 Qe7 13. a4 Nc5 14. b3 Nfxe4 15.
Nd5 Qd8 16. Bb2 c6 17. Nf4 a5 18. Re1 f5 19. Re3 Bd7 20. Rae1 Be5 21. Nfe2 Qb6
22. g4 Re7 23. f3 Ne6 24. Qd1 Ng3 25. Nxg3 Nxd4 26. Kh1 Rf7 27. c5 Qxc5 28. f4
Bg7 29. Rd3 Ne6 30. gxf5 Nxf4 31. Rxd6 Qf2 32. Rg1 Bxb2 33. Rxd7 Rxd7 34. Qxd7
Bd4 35. Ne2 Nxe2 36. Qe6+ Kh8 37. Rd1 Qxg2+ 0-1

[Event "BL 1415 SF Katernberg - Hansa Dortmund"]
[Site "?"]
[Date "2014.12.05"]
[Round "7.7"]
[White "Korpa, Bence"]
[Black "Scholz, Christian Dr"]
[Result "1/2-1/2"]
[WhiteElo "2424"]
[BlackElo "2349"]
[PlyCount "96"]
[EventDate "2014.??.??"]

1. c4 Nf6 2. g3 g6 3. Bg2 Bg7 4. Nc3 O-O 5. d4 d6 6. Nf3 Nc6 7. O-O a6 8. Bf4
Rb8 9. Rc1 Nh5 10. Be3 f5 11. Qd2 e5 12. dxe5 dxe5 13. Qd5+ Qxd5 14. cxd5 Nd4
15. Rfd1 Nxf3+ 16. Bxf3 Bd7 17. d6 c6 18. Bxh5 gxh5 19. Na4 Be6 20. Nc5 Kf7 21.
Bg5 Bf6 22. Bxf6 Kxf6 23. e4 Rfd8 24. d7 Ke7 25. f3 Bxd7 26. Nxd7 Rxd7 27.
Rxd7+ Kxd7 28. exf5 Rf8 29. g4 hxg4 30. fxg4 h5 31. h3 hxg4 32. hxg4 Rg8 33.
Rc4 Kd6 34. Kf2 Kd5 35. Rb4 c5 36. Rxb7 Rxg4 37. Ke3 Rg3+ 38. Ke2 e4 39. f6
Rg2+ 40. Kf1 Rg5 41. f7 Rf5+ 42. Ke2 a5 43. b3 Rf6 44. Rd7+ Ke6 45. Ra7 Kd5 46.
Rxa5 Rxf7 47. b4 Kc4 48. Rxc5+ Kxb4 1/2-1/2